000
00487nam a2200157Ia 4500
008
090124s9999 xx 000 0 und d
082
_b
7244
245
_a
शिल्पकार फडके
250
_a
1
260
_b
विश्र्वकर्मा साहित्यालय़
_c
1971
300
_a
136
630
_a
शिल्पकार फडके
700
_a
मोटे ह.वि.
730
_a
शिल्पकार फडके
942
_c
BOOK
999
_c
85446
_d
85446